| Поле | Инд. | ПП | Название | Значение |
|---|---|---|---|---|
| Тип записи | a | |||
| Библиографический уровень | m | |||
| 001 | Контрольный номер | 0e7a0e34-7a12-48a8-97f2-6053789dded5 | ||
| 005 | Дата корректировки | 20131218122631.1 | ||
| 008 | Кодируемые данные | 000114 d | ||
| 040 | a | Служба первич. каталог. | НБ ТвГУ | |
| 041 | a | Код языка текста | rus | |
| 080 | a | Индекс УДК | 53(075.8) | |
| 084 | a | Индекс другой классификации/Индекс ББК | В3я731-1 | |
| a | Индекс другой классификации/Индекс ББК | В317.1я731-1 | ||
| a | Индекс другой классификации/Индекс ББК | В36я731-1 | ||
| 090 | a | Полочн. индекс | 53 | |
| x | Авторский знак | С 34 | ||
| c | Каталожный индекс | В3я731-1 + В317.1я731-1 + В36я731-1 | ||
| 100 | 1_ | a | Автор | Сивухин Дмитрий Васильевич |
| q | Полное имя | Сивухин Д. В. | ||
| 245 | 10 | a | Заглавие | Общий курс физики |
| b | Продолж. заглавия | учебное пособие для студентов физических специальностей вузов | ||
| n | Номер части/ раздела | [Т. 2] | ||
| p | Название части/ раздела | Термодинамика и молекулярная физика | ||
| 250 | a | Основные сведения об издании | 2-е изд., испр. | |
| 260 | 0_ | a | Место издания | Москва |
| c | Дата издания | 1979 | ||
| b | Издательство | Наука | ||
| 300 | a | Объем | 551 с. | |
| b | Иллюстрации/ тип воспроизводства | ил. | ||
| 504 | a | Библиография | Указ. имен., предм.: с.542-551. | |
| 650 | a | Основная рубрика | Физика | |
| x | Основная подрубрика | Учебники для вузов | ||
| 650 | a | Основная рубрика | Термодинамика | |
| 650 | a | Основная рубрика | Молекулярная физика | |
| 653 | a | Ключевые слова | Молекулярная физика | |
| a | Ключевые слова | Общая физика | ||
| a | Ключевые слова | Термодинамика | ||
| a | Ключевые слова | Учебники | ||
| a | Ключевые слова | Физика | ||
| 901 | t | Тип документа | m | |
| 920 | a | Оператор | Суха | |
| a | Оператор | Поля | ||
| 930 | a | Новая/Ретро | учебники | |
| 952 | c | Вид литературы | К ру | |
| 954 | a | Дата поступления на обработку | 20000114 | |
| b | Дата поступления в ОК | 20131119ред |